000 00927nam a2200289 i 4500
003 DO-SdBNP
005 20250509145418.0
007 ta
008 250509b2025 dr ac||| |||| 00| 0 spa d
020 _a9789945656060
040 _aDO-SdBNP
_bspa
_cBNPHU
_erda
041 _aspa
082 4 _a0
_bM863r
_222
100 _aMorla, Iván
_eautor
_4aut.
_987307
245 1 0 _aRuidos y Silencios /
_cIván Morla ; prólogo, Néstor Julio Fornés.
250 _aPrimera edición
264 _aSanto Domingo :
_bEditorial Santuario,
_c2025.
300 _a86 páginas :
_bilustraciones, retratos ;
_c23cm.
336 _atexto
_btxt
_2rdacontent
337 _asin mediación
_bn
_2rdamedia
338 _avolumen
_bnc
_2rdacarrier
500 _aIncluye datos biográficos del autor en las solapas
590 _aInventariado, 2025 /LP
700 1 _aFornés, Néstor Julio
_eautor
_4aut.
_987115
910 _aLP
942 _2ddc
_cLBS1
999 _c58802
_d58802